Economics / (Record no. 1223)

MARC details
000 -LEADER
fixed length control field 02023nam a2200241Ia 4500
020 ## - INTERNATIONAL STANDARD BOOK NUMBER
ISBN 9780077119669
020 ## - INTERNATIONAL STANDARD BOOK NUMBER
ISBN 0077119665
020 ## - INTERNATIONAL STANDARD BOOK NUMBER
ISBN 0077117875
020 ## - INTERNATIONAL STANDARD BOOK NUMBER
ISBN 9780077117870
050 #4 - CALL NUMBER
Classification number HB171.5
Item number .B458
100 1# - AUTHOR
Personal name Begg, David K. H.
245 10 - TITLE
Title Economics /
Statement of responsibility, etc David Begg, Stanley Fischer, Rudiger Dornbusch.
250 ## - EDITION
Edition statement 9th ed.
260 ## - PUBLICATION INFORMATION
Place of publication Maidenhead :
Name of publisher McGraw-Hill Higher Education,
Year of publication 2008.
300 ## - DESCRIPTION
Number of Pages xxiii, 776 p. :
Other physical details ill. ;
Dimensions 26 cm.
500 ## - NOTES
General note Previous ed.: 2005.
505 ## - FORMATTED CONTENTS NOTE
Table of Content Part One: Introduction 1. Economics and the economy 2. Tools of economic analysis 3. Demand, supply and the market Part Two: Positive microeconomics 4. Elasticities of demand and supply 5. Consumer choice and demand decisions 6. Introducing supply decisions 7. Costs and supply 8. Perfect competition and pure monopoly 9. Market structure and imperfect competition 10. The labour market 11. Different types of labour 12. Factor markets and income distribution 13. Risk and information 14. The information economy Part Three: Welfare ecomonics 15. Welfare economics 16. Government spending and revenue 17. Industrial policy and competition policy 18. Natural monopoly: public or private? Part Four: Macroeconomics 19. Introduction to macroeconomics 20. Output and aggregate demand 21. Fiscal policy and foreign trade 22. Money and banking 23. Interest rates and monetary transmission 24. Monetary and fiscal policy 25. Aggregate supply, prices and adjustment to shocks 26. Inflation, expectations and credibility 27. Unemployment 28. Exchange rates and the balance of payments 29. Open economy macroeconomics 30. Economic growth 31. Business cycles 32. Macroeconomics: taking stock Part Five: The world economy 33. International trade 34. Exchange rate regimes 35. European integration 36. Poverty, development and globalisation Appendix: Answers to review questions Glossary Index
650 #0 - SUBJECTS
Topical Term Economics.
650 #0 - SUBJECTS
Topical Term Economics
700 1# - OTHER AUTHORS
Personal name Fischer, Stanley.
700 1# - OTHER AUTHORS
Personal name Dornbusch, Rudiger.
942 ## - ADDED ENTRY ELEMENTS (KOHA)
Koha item type Books
Holdings
Withdrawn status Lost status Home library Current library Shelving location Date acquired Full call number Accession Number Copy number Koha item type Collection code
    Methodist University Library Main Methodist University Library Main General Stacks   HB171.5 .B458 30621 1 Books  
    Methodist University Library Main Methodist University Library Main General Stacks   HB171.5 .B458 30611 2 Books Reference
    Methodist University Library Main Methodist University Library Main General Stacks   HB171.5 .B458 33661 3 Books Reference
    Methodist University Library Main Methodist University Library Main General Stacks   HB171.5 .B458 30720 4 Books Reference
    Methodist University Library Main Methodist University Library Main General Stacks   HB171.5 .B458 33660 5 Books  
Copyright © 2026  MUG Library